| 000 | 00342nam a2200145Ia 4500 | ||
|---|---|---|---|
| 005 | 20251222175922.0 | ||
| 008 | 251222s9999||||xx |||||||||||||| ||spa|| | ||
| 020 | _a978-958-35-0984-1 | ||
| 082 | _a342.06/C32 | ||
| 100 | _aCassagne, Juan Carlos | ||
| 245 | 0 | _aEl acto administrativo: | |
| 250 | _a2a.ed. | ||
| 264 | _bTemis | ||
| 942 | _cLIB | ||
| 999 |
_c40711 _d40711 |
||